header

Make effective decisions (Record no. 115627)

MARC details
000 -LEADER
fixed length control field 01137nam a2200301Ia 4500
082 04 - DEWEY DECIMAL CLASSIFICATION NUMBER
Classification number 658.403
245 00 - TITLE STATEMENT
Title Make effective decisions
260 ## - PUBLICATION, DISTRIBUTION, ETC. (IMPRINT)
Place of publication London :
Name of publisher A. & C. Black,
Year of publication 2007.
300 ## - PHYSICAL DESCRIPTION
Number of Pages viii, 86 p.
490 1# - SERIES STATEMENT
Series statement Steps to success
650 #0 - SUBJECT ADDED ENTRY--TOPICAL TERM
Topical Term Decision making.
Topical Term Choice (Psychology)
856 40 - ELECTRONIC LOCATION AND ACCESS
Uniform Resource Identifier http://site.ebrary.com/lib/rucke/Doc?id=10196639

No items available.

© 2026 Rongo University
Contact us: librarian | system librarian | Rongo university